[Event "TCh-SRB 1st League"]
[Site "Vrnjacka Banja SRB"]
[Date "2010.08.24"]
[Round "4"]
[White "Vuckovic,Bo"]
[Black "Podinic,V"]
[Result "1-0"]
[WhiteElo "2623"]
[BlackElo "2400"]

1.e4 c5 2.Nf3 e6 3.d4 cxd4 4.Nxd4 a6 5.Nc3 Qc7 6.Bd3 Nc6 7.Nxc6 bxc6 8.O-O Nf6
9.Qe2 d6 10.b3 Be7 11.Bb2 e5 12.Na4 h5 13.c4 h4 14.Qe3 Rb8 15.c5 dxc5 16.Rac1 Ng4
17.Qe2 Bg5 18.Rxc5 Bf4 19.h3 Nf6 20.Bxa6 Bd7 21.Qc2 Rh6 22.Rd1 Rg6 23.Kh1 Nh7
24.Rdd5 Qd8 25.Rxe5+ Bxe5 26.Bxe5 Bxh3 27.gxh3 Qg5 28.Bg3 Qf6 29.Rxc6 Qf3+
30.Kg1 hxg3 31.Rc8+ Rxc8 32.Qxc8+ Ke7 33.Qb7+ Kf8 34.Qa8+ Ke7 35.Qb7+ Kf8
36.Qb8+ Ke7 37.Qc7+ Kf6 38.Qd8+  1-0

[Event "Open"]
[Site "Bratto ITA"]
[Date "2010.08.25"]
[Round "6"]
[White "Lucaroni,M"]
[Black "Bruno,Fabi"]
[Result "1/2-1/2"]
[WhiteElo "2255"]
[BlackElo "2477"]

1.e4 c5 2.Nc3 e6 3.Nf3 a6 4.d4 cxd4 5.Nxd4 Qc7 6.Be2 Nf6 7.O-O d6 8.f4 b5
9.e5 dxe5 10.fxe5 Nfd7 11.Bxb5 Bb7 12.Kh1 Bc5 13.Nxe6 fxe6 14.Qg4 axb5 15.Qxg7 Rf8
16.Be3 Be7 17.Bg5 Qc5 18.Nxb5 Bxg2+ 19.Kxg2 Qxc2+ 20.Kg3 Qd3+ 21.Kg2 Qe2+
22.Kg3 Qd3+ 23.Kg2 Qd5+ 24.Kg3 Qd3+ 25.Kg2 Qe2+  1/2-1/2

[Event "ch-RUS Higher League"]
[Site "Irkutsk RUS"]
[Date "2010.08.26"]
[Round "1"]
[White "Smirnov,P"]
[Black "Bocharov,D"]
[Result "0-1"]
[WhiteElo "2518"]
[BlackElo "2618"]

1.e4 c5 2.Nf3 e6 3.d4 cxd4 4.Nxd4 a6 5.Nc3 b5 6.Bd3 Bb7 7.O-O Qc7 8.Re1 Be7
9.e5 b4 10.Nb1 f5 11.Bf4 Nc6 12.c3 Nh6 13.Nxc6 Qxc6 14.Bf1 O-O 15.cxb4 Bxb4
16.Nd2 Rac8 17.a3 Bc5 18.Nb3 Bb6 19.h3 Nf7 20.Bd2 Qc7 21.Bb4 Bd5 22.Bxf8 Rxf8
23.Rc1 Qa7 24.Re2 Ng5 25.Nd2 f4 26.Qe1 Qb7 27.Rc3 Rf5 28.g4 Rf8 29.h4 Nf7
30.Nc4 Ba7 31.Na5 Qb8 32.Bg2 f3 33.Bxf3 Nxe5 34.Rxe5 Bxf3 35.Rb3 Qd6 36.Rb4 Ba8
37.Nc4 Bxf2+ 38.Kh2 Qd3  0-1

[Event "ch-RUS Higher League"]
[Site "Irkutsk RUS"]
[Date "2010.08.27"]
[Round "2"]
[White "Najer,E"]
[Black "Zakhartsov,Vi"]
[Result "1/2-1/2"]
[WhiteElo "2672"]
[BlackElo "2608"]

1.e4 c5 2.Nf3 e6 3.d4 cxd4 4.Nxd4 a6 5.Nc3 Qc7 6.Bd3 Nf6 7.Qe2 d6 8.f4 g6
9.f5 Bg7 10.fxe6 fxe6 11.Bc4 Nc6 12.Nxc6 Qxc6 13.O-O O-O 14.Bb3 Re8 15.Bg5 Nd7
16.Qf2 Kh8 17.Rae1 Ne5 18.Bf6 Qc5 19.Kh1 Qxf2 20.Bxg7+ Kxg7 21.Rxf2 Re7 22.Rd2 Nf7
23.Na4 b5 24.Nb6 Rb8 25.Nxc8 Rxc8 26.a4 bxa4 27.Bxa4 Rc4 28.Bb3 Rb4 29.Kg1 a5
30.Ra1 Rxe4 31.Rxa5 Re1+ 32.Kf2 Rb1 33.c4 Rc7 34.Ba2 Rc1 35.b4 Ne5 36.Ra6 Nxc4
37.Bxc4 R1xc4 38.Raxd6 Rxb4 39.Rxe6 Rf4+ 40.Kg3  1/2-1/2

[Event "ch-RUS Higher League"]
[Site "Irkutsk RUS"]
[Date "2010.08.28"]
[Round "3"]
[White "Inarkiev,E"]
[Black "Shaposhnikov,E"]
[Result "1-0"]
[WhiteElo "2671"]
[BlackElo "2543"]

1.e4 c5 2.Nf3 e6 3.Nc3 a6 4.d4 cxd4 5.Nxd4 Qc7 6.Bd3 Nf6 7.O-O Bc5 8.Nb3 Be7
9.f4 d6 10.Qf3 Nc6 11.Be3 Nb4 12.Rac1 Bd7 13.a3 Nxd3 14.cxd3 Bc6 15.Nd4 Qd7
16.g4 g6 17.g5 Nh5 18.f5 exf5 19.Nxf5 gxf5 20.Qxh5 Qe6 21.Rxf5 Qg6 22.Qf3 h6
23.Rf1 Bd7 24.Nd5 Bxg5 25.Nc7+  1-0

[Event "46th Akiba Rubinstein Open A"]
[Site "Polanica Zdroj POL"]
[Date "2010.08.28"]
[Round "10"]
[White "Szumilas,Pa"]
[Black "Bielinski,D"]
[Result "1/2-1/2"]
[WhiteElo "2223"]
[BlackElo "2249"]

1.e4 c5 2.Nf3 e6 3.d4 cxd4 4.Nxd4 a6 5.Nc3 Qc7 6.Bd3 Nf6 7.O-O Bc5 8.Nb3 Be7
9.f4 d6 10.a4 Nc6 11.a5 b5  1/2-1/2

[Event "TCh-SUI 2010"]
[Site "Switzerland SUI"]
[Date "2010.08.28"]
[Round "6.5"]
[White "Brendel,O"]
[Black "Lamoureux,C"]
[Result "1-0"]
[WhiteElo "2385"]
[BlackElo "2353"]

1.e4 c5 2.Nf3 e6 3.d4 cxd4 4.Nxd4 a6 5.Nc3 Qc7 6.Bd3 Nc6 7.Nxc6 dxc6 8.O-O e5
9.Be3 Nf6 10.f3 Bd6 11.Na4 Nd7 12.c4 b5 13.c5 Be7 14.Nb6 Nxb6 15.cxb6 Qb7
16.a4 bxa4 17.Qxa4 O-O 18.Rfc1 Rd8 19.Bf1 Rd6 20.Qa5 f6 21.Bc5 Rd7 22.b4 Kh8
23.Bxe7 Rxe7 24.Qc5 h6 25.Rxa6 Re8 26.Rxa8 Qxa8 27.b5 cxb5 28.Bxb5 Rd8 29.Qe7 Bb7
30.h3 Rg8 31.Rc7 Bxe4 32.fxe4 Qxe4 33.Bc4 Qe3+ 34.Kf1 Qc1+ 35.Ke2 Qb2+ 36.Kf3 Qc3+
37.Ke4 Qd4+ 38.Kf5 Qf2+ 39.Kg6 Qxg2+ 40.Kf7 Qxh3 41.Qd7 f5 42.Rc8 Qh5+ 43.Ke7 Qh4+
44.Ke6 Qf6+ 45.Kd5 Qxb6 46.Rxg8+ Kxg8 47.Kxe5+  1-0

[Event "TCh-SUI 2010"]
[Site "Switzerland SUI"]
[Date "2010.08.28"]
[Round "6.2"]
[White "Riff,JN"]
[Black "Caruana,F"]
[Result "1/2-1/2"]
[WhiteElo "2515"]
[BlackElo "2675"]

1.e4 c5 2.Nf3 e6 3.Nc3 a6 4.d4 cxd4 5.Nxd4 d6 6.g4 b5 7.Bg2 Bb7 8.a3 Ne7
9.g5 Nec6 10.Nb3 Nd7 11.h4 h6 12.Qg4 h5 13.Qg3 g6 14.O-O Qe7 15.f4 Bg7 16.Be3 O-O
17.Rad1 Rad8 18.Qf2 Rfe8 19.Rd2 b4 20.axb4 Nxb4 21.e5 d5 22.Nc5 Nb8 23.Ne2 a5
24.c3 N4c6 25.Ra1 Na6 26.Nb3 Ra8 27.Nxa5 Nc7 28.b4 Nxa5  1/2-1/2

[Event "17th WGM"]
[Site "Graz AUT"]
[Date "2010.08.29"]
[Round "2"]
[White "Lujan,C"]
[Black "Schneider,Ve"]
[Result "1-0"]
[WhiteElo "2296"]
[BlackElo "2292"]

1.e4 c5 2.Nf3 e6 3.d4 cxd4 4.Nxd4 a6 5.Nc3 Qc7 6.g3 Nf6 7.Bg2 Bb4 8.Ne2 Nc6
9.Bf4 d6 10.a3 Bxc3+ 11.Nxc3 Ne5 12.O-O O-O 13.Qe2 b5 14.Rad1 Bb7 15.Bxe5 dxe5
16.Rd3 Nd7 17.Rfd1 Nb6 18.b3 Rad8 19.Qd2 Rxd3 20.Qxd3 g6 21.Rd2 Qc5 22.Nd1 Qxa3
23.Qe3 Qc1 24.Rd6 Qxe3 25.Nxe3 Nc8 26.Rd7 Bc6 27.Rc7 Ba8 28.Ng4 Kg7 29.Nxe5 Nd6
30.Nd7 Rc8 31.Rxc8 Nxc8 32.b4 e5 33.Nxe5 Nd6 34.f3 f5 35.exf5 Nxf5 36.Kf2 Bb7
37.Nd7 Bc8 38.Nc5 g5 39.Bh3 Kf6 40.Ne4+ Kg6 41.c3 Be6 42.Bxf5+ Kxf5 43.Ke3 h6
44.Kd4 h5 45.Nc5 Bc4 46.Nxa6 Be2 47.Ke3 Bf1 48.Nc5 h4 49.Ne4 Kg6 50.Nd2 Bg2
51.Kf2  1-0

[Event "17th WGM"]
[Site "Graz AUT"]
[Date "2010.08.30"]
[Round "3"]
[White "Novkovic,J"]
[Black "Lujan,C"]
[Result "0-1"]
[WhiteElo "2157"]
[BlackElo "2296"]

1.e4 c5 2.Nf3 e6 3.Nc3 a6 4.d4 cxd4 5.Nxd4 b5 6.Bd3 Qb6 7.Nb3 Qc7 8.Qe2 Bb7
9.O-O b4 10.Nd1 Nf6 11.c4 Nc6 12.f4 d6 13.Be3 a5 14.Nf2 e5 15.Ng4 Nxg4 16.Qxg4 a4
17.Nd2 exf4 18.Rxf4 Ne5 19.Qe2 Be7 20.Rff1 O-O 21.Rac1 Bc8 22.h3 Be6 23.Nf3 Qd8
24.Nxe5 dxe5 25.Rcd1 Qc7 26.Qf2 Rfc8 27.Rc1 Bc5 28.Bxc5 Qxc5 29.Qxc5 Rxc5
30.Kf2 Kf8 31.Ke3 h5 32.Rfd1 Ke7 33.Be2 g6 34.Rd2 h4 35.Rcd1 Rac8 36.b3 Ra8
37.Rd3 axb3 38.axb3 f5 39.Bf3 Ra3 40.R1d2 Rca5 41.Rb2 Ra1 42.Rd1 R5a2 43.Rdb1 Rxb2
44.Rxb2 Ra3 45.Be2 Kd6 46.exf5 gxf5 47.Bf1 Kc5 48.Bd3 Bd7 49.Bc2 Be6 50.Bd3 Ra1
51.Be2 Ra3 52.Bd3 Bc8 53.Bc2 Kd6 54.Rb1 Ke6 55.Rf1 f4+ 56.Kd2 Bb7 57.Rf2 Ra2
58.Kc1 Ra1+ 59.Kb2 Rg1  0-1

[Event "ch-RUS Higher League"]
[Site "Irkutsk RUS"]
[Date "2010.08.30"]
[Round "5"]
[White "Tseshkovsky,V"]
[Black "Ajrapetian,G"]
[Result "1-0"]
[WhiteElo "2564"]
[BlackElo "2427"]

1.e4 c5 2.Ne2 e6 3.Nbc3 a6 4.d4 cxd4 5.Nxd4 b5 6.Bd3 Bb7 7.O-O Nc6 8.Nxc6 Bxc6
9.Qe2 Bc5 10.Bd2 Ne7 11.e5 Qc7 12.Kh1 Bd4 13.f4 h5 14.Ne4 Nf5 15.c3 Bb6 16.Ng5 g6
17.Bxf5 gxf5 18.Be3 Bxe3 19.Qxe3 Qa7 20.Qh3 h4 21.Rad1 a5 22.Rd2 Qc5 23.b3 b4
24.c4 a4 25.Qd3 axb3 26.axb3 Ra3 27.h3 Rg8 28.Re1 Ke7 29.Kh2 Rga8 30.Qe2 Rh8
31.Rd3 Qa7 32.Qd2 Qc5 33.Rd1 Ra7 34.Qe1 Kf8 35.R1d2 Ke7 36.Re2 Ra3 37.Nf3 Be4
38.Rde3 d6 39.exd6+ Qxd6 40.Ne5 Ra7 41.Rd2 Qb6 42.Ree2 Rc7 43.Rd1 Bb7 44.Red2 Bc8
45.Rd6 Qc5 46.Rd8 Rh7 47.Qd2 Rg7 48.Re8+ Kf6 49.Rxc8  1-0

[Event "1st Campomanes Memorial Cup Open"]
[Site "Manila PHI"]
[Date "2010.08.30"]
[Round "4"]
[White "Legaspi,R"]
[Black "Roca,P"]
[Result "1-0"]
[WhiteElo "2304"]
[BlackElo "2372"]

1.e4 c5 2.Nf3 e6 3.Nc3 a6 4.d4 cxd4 5.Nxd4 Qc7 6.Bd3 Nf6 7.Qe2 d6 8.Be3 Be7
9.g4 b5 10.g5 Nfd7 11.a3 Bb7 12.h4 Nc6 13.Rg1 Nce5 14.h5 g6 15.O-O-O Nxd3+
16.cxd3 d5 17.Kb1 Nb6 18.Rh1 Rf8 19.Rc1 Qd8 20.exd5 Nxd5 21.Ne4 Rc8 22.Rxc8 Qxc8
23.Rc1 Qa8 24.hxg6 hxg6 25.Nb3 Rh8 26.Nbc5 Rh4 27.Nxb7 Qxb7 28.Bc5 Kf8 29.Qc2 Rh5
30.Bxe7+ Qxe7 31.Qc8+ Kg7 32.Qb8 Rxg5 33.Rc8 Rg1+ 34.Ka2 f5 35.Qe5+  1-0

[Event "9th Georgiev-Kesarovski Mem"]
[Site "Sunny Beach BUL"]
[Date "2010.08.30"]
[Round "3"]
[White "Dalmau,Jo"]
[Black "Spassov,L"]
[Result "0-1"]
[WhiteElo "2138"]
[BlackElo "2376"]

1.e4 c5 2.Nf3 e6 3.d4 cxd4 4.Nxd4 a6 5.Nc3 b5 6.g3 Bb7 7.Bg2 Nf6 8.O-O b4
9.Na4 Bxe4 10.Bxe4 Nxe4 11.Re1 Nc5 12.Nxc5 Bxc5 13.Nf5 O-O 14.Qf3 Nc6 15.Nh6+ gxh6
16.Bxh6 Bd4 17.Rad1 Bg7 18.Bxg7 Kxg7 19.Re4 h6 20.Rg4+ Kh7 21.Qd3+ Kh8 22.Qe3 Qf6
23.Rh4 Kh7 24.Rf4 Qg6 25.h3 Ne7 26.Rxd7 Nd5  0-1

[Event "9th Georgiev-Kesarovski Mem"]
[Site "Sunny Beach BUL"]
[Date "2010.08.30"]
[Round "3"]
[White "Popovic,AM"]
[Black "Todorov,Y"]
[Result "1-0"]
[WhiteElo "2244"]
[BlackElo "1959"]

1.e4 c5 2.Nf3 e6 3.d4 cxd4 4.Nxd4 a6 5.Nc3 Qc7 6.f4 Nc6 7.Be3 Bb4 8.Bd3 Nf6
9.O-O d6 10.Kh1 Nxd4 11.Bxd4 e5 12.fxe5 dxe5 13.Be3 Bxc3 14.bxc3 Qxc3 15.Bg5 Nd7
16.Qh5 Nf6 17.Bxf6 gxf6 18.Rab1 Qc7 19.Rxf6 Qe7 20.Rxf7 Qxf7 21.Qxe5+ Be6
22.Qxh8+ Qg8 23.Qxg8+ Bxg8 24.Rxb7 Bxa2 25.Rxh7 Kf8 26.Rc7 a5 27.Rc3 a4 28.Ra3 Be6
29.Kg1 Ra5 30.Kf2 Ke7 31.Ke3 Kd6 32.Kd4 Bd7 33.c4 Rg5 34.g3 Ra5 35.Bc2 Bc6
36.h4 Be8 37.g4 Bd7 38.g5 Be8 39.Bd1  1-0

[Event "9th Georgiev-Kesarovski Mem"]
[Site "Sunny Beach BUL"]
[Date "2010.08.30"]
[Round "3"]
[White "Stanchev,A"]
[Black "Ni,V"]
[Result "0-1"]
[WhiteElo "1940"]
[BlackElo "2199"]

1.e4 c5 2.Nf3 e6 3.d4 cxd4 4.Nxd4 a6 5.Nc3 Qc7 6.g3 Bb4 7.Ne2 Nf6 8.Bg2 d6
9.O-O Nc6 10.h3 Bd7 11.Kh2 Rd8 12.a3 Bc5 13.Qe1 b5 14.g4 h6 15.b4 Bb6 16.f4 Nd4
17.Nxd4 Bxd4 18.Bb2 e5 19.Rd1 Be6 20.Nd5 Bxd5 21.Bxd4 Bc4 22.fxe5 dxe5 23.Bc5 Rxd1
24.Qxd1 Bxf1 25.Bxf1 Nxe4 26.Qf3 Nxc5 27.Qa8+ Qd8  0-1

[Event "ch-RUS Higher League"]
[Site "Irkutsk RUS"]
[Date "2010.08.31"]
[Round "6"]
[White "Loskutov,O"]
[Black "Ajrapetian,G"]
[Result "1/2-1/2"]
[WhiteElo "2463"]
[BlackElo "2427"]

1.e4 c5 2.Nf3 e6 3.d4 cxd4 4.Nxd4 a6 5.Nc3 Qc7 6.Bd3 Nf6 7.O-O Be7 8.Be3 d6
9.f4 Nbd7 10.Qf3 b5 11.g4 h5 12.gxh5 Bb7 13.a4 b4 14.Nce2 Rxh5 15.Bd2 Nc5
16.Ng3 Rh4 17.a5 d5 18.e5 Nfe4 19.Be1 g5 20.Nge2 Rh8 21.Bxb4 Nxd3 22.cxd3 Bxb4
23.dxe4 dxe4 24.Qb3 Bd2 25.Qa4+ Qd7 26.Qxd7+ Kxd7 27.fxg5 Ke7 28.g6 fxg6
29.Rf6 Bd5 30.Raf1 Rh7 31.Rxg6 Be3+ 32.Kg2 Rah8 33.h3 Rxh3 34.Rg7+ Ke8 35.Rff7 Rh2+
36.Kg3 R2h3+ 37.Kg2 Rh2+ 38.Kg3 R8h3+ 39.Kg4 Rh4+ 40.Kg3 R2h3+ 41.Kg2 Bxd4
42.Re7+ Kd8 43.Rd7+ Kc8 44.Nxd4 e3+ 45.Rxd5 exd5 46.e6 Rh2+ 47.Kg3 R4h3+
48.Kf4 e2 49.Rg1 Rh4+ 50.Ke5 Rg4 51.Rc1+ Kb8 52.Nc6+ Ka8 53.Kxd5 Rh5+ 54.Kd6 Rh3
55.e7 Re3 56.Ne5 Rg8 57.Re1 Kb7 58.Ke6 Rh8 59.Kd6 Rc8 60.Kd5 Rg8 61.Kd4 Reg3
62.Rxe2 Re8 63.Nd7 Rg7 64.Nc5+ Ka7 65.Re6 Rexe7 66.Rxa6+ Kb8 67.Rb6+ Ka7
68.Kc4 Rg5 69.b4 Rh7 70.Kb5 Rgh5 71.Ra6+ Kb8 72.Rg6 Ka7 73.Rd6 R5h6 74.Rd8 Rh5
75.Rc8 R5h6 76.a6 Rb6+ 77.Ka5 Rb8 78.Rc6 Rh2 79.Rc7+ Ka8 80.b5 Ra2+ 81.Na4 Rf8
82.b6 Ra1 83.Ra7+ Kb8 84.Rh7 Rg8 85.Rh5 Rf8 86.Rd5 Rg8 87.Rf5 Rh8 88.Rf3 Rg8
89.Rf7 Rh8 90.Kb4 Rb1+ 91.Kc5 Rc1+ 92.Kb4 Rb1+ 93.Kc3 Rc8+ 94.Kd2 Rd8+ 95.Kc2 Rb4
96.Rb7+ Ka8 97.Ra7+ Kb8 98.Rb7+ Ka8 99.Nc3 Rd6 100.Ra7+ Kb8 101.Rb7+ Ka8
102.Ra7+  1/2-1/2

[Event "7th Malaysia Open"]
[Site "Kuala Lumpur MAS"]
[Date "2010.09.01"]
[Round "1"]
[White "Abdullah,AlS"]
[Black "Nguyen Anh Dung"]
[Result "0-1"]
[WhiteElo "2125"]
[BlackElo "2500"]

1.e4 c5 2.Nf3 e6 3.d4 cxd4 4.Nxd4 a6 5.Nc3 b5 6.a3 Bb7 7.Be2 Qc7 8.O-O Nf6
9.f3 Bd6 10.g3 O-O 11.Be3 Be7 12.Bd3 d5 13.exd5 Nxd5 14.Nxd5 Bxd5 15.Be4 Rd8
16.Bxd5 Rxd5 17.Qe2 Nc6 18.Nxc6 Qxc6 19.Rad1 Rad8 20.Kg2 h6 21.c3 Bf6 22.Rc1 Bg5
23.Bxg5 hxg5 24.Rfd1 g4 25.Rxd5 Rxd5 26.Rd1 Rf5 27.Rd3 a5 28.h3 gxf3+ 29.Rxf3 a4
30.Kf2 Rxf3+ 31.Qxf3 Qxf3+ 32.Kxf3 g5 33.g4 f5  0-1

[Event "9th Georgiev-Kesarovski Mem"]
[Site "Sunny Beach BUL"]
[Date "2010.09.01"]
[Round "5"]
[White "Stanchev,A"]
[Black "Todorov,T"]
[Result "0-1"]
[WhiteElo "1940"]
[BlackElo "2151"]

1.e4 c5 2.Nf3 e6 3.d4 cxd4 4.Nxd4 a6 5.Nc3 Qc7 6.Be2 Nf6 7.O-O d6 8.f4 Be7
9.a4 Nc6 10.Nb3 b6 11.Bf3 Rb8 12.Qe2 O-O 13.g4 Re8 14.Bg2 Nd7 15.g5 Na5 16.Nd4 Bf8
17.Kh1 g6 18.Rf3 Bg7 19.Be3 Nc4 20.Bg1 Nxb2 21.Rb1 Nc4 22.Bf1 Na5 23.Qf2 Bb7
24.Rh3 Nc4 25.Rb4 Na5 26.Qh4 Nf8 27.Nxe6 fxe6 28.Bxb6 Bxe4+ 29.Nxe4 Rxb6
30.Rxb6 Qxb6 31.Bd3 Rb8 32.Nf6+ Kf7 33.f5 exf5 34.Bc4+ Nxc4 35.Qxc4+ Ne6
36.Rxh7 Qf2 37.Qa2 Qf1+  0-1

[Event "132nd ch-New York State"]
[Site "Colonie USA"]
[Date "2010.09.03"]
[Round "1"]
[White "Huang,Winston"]
[Black "Bonin,J"]
[Result "1/2-1/2"]
[WhiteElo "2156"]
[BlackElo "2317"]

1.e4 c5 2.Nf3 a6 3.Nc3 e6 4.d4 cxd4 5.Nxd4 Qc7 6.g3 Bb4 7.Bd2 Nf6 8.Be2 Nc6
9.Nxc6 dxc6 10.O-O e5 11.Nd5 Nxd5 12.exd5 Bxd2 13.Qxd2 cxd5 14.Qxd5 Qxc2
15.Qxe5+ Be6 16.Rac1 Qa4  1/2-1/2

[Event "17th WGM"]
[Site "Graz AUT"]
[Date "2010.09.03"]
[Round "7"]
[White "Schink,B"]
[Black "Lujan,C"]
[Result "0-1"]
[WhiteElo "2052"]
[BlackElo "2296"]

1.e4 c5 2.Nf3 e6 3.d4 cxd4 4.Nxd4 a6 5.Nc3 b5 6.Bd3 Qb6 7.Nf3 Qc7 8.O-O Bb7
9.Re1 Be7 10.Bd2 Nc6 11.a4 b4 12.Na2 Nf6 13.c3 Ng4 14.h3 Nge5 15.Nxe5 Nxe5
16.Bf4 g5 17.Bxe5 Qxe5 18.Nxb4 h5 19.g3 h4 20.g4 Bc5 21.Qf3 Qg3+ 22.Qxg3 hxg3
23.Kg2 gxf2 24.Re2 Rh4 25.Nc2 f5 26.Ne3 f4 27.Nf1 f3+ 28.Kxf3 Rxh3+ 29.Ng3 Bd6  0-1

[Event "ch-RUS Higher League"]
[Site "Irkutsk RUS"]
[Date "2010.09.04"]
[Round "9"]
[White "Gabrielian,A"]
[Black "Smirnov,P"]
[Result "1/2-1/2"]
[WhiteElo "2559"]
[BlackElo "2518"]

1.e4 c5 2.Nf3 e6 3.d4 cxd4 4.Nxd4 a6 5.Nc3 b5 6.Bd3 Bb7 7.O-O Qb6 8.Nb3 Qc7
9.Re1 Nc6 10.Be3 Nf6 11.Nc5 Bc8 12.h3 Ne5 13.Nb3 Bb7 14.f4 Nc4 15.Bxc4 bxc4
16.Nd2 Bb4 17.Qf3 d5 18.Qg3 O-O 19.e5 Nh5 20.Qg4 Bc5 21.Qxh5 d4 22.Bxd4 Bxd4+
23.Kh1 f6 24.Nce4 c3 25.bxc3 Bxc3 26.Nxc3 Qxc3 27.Nf3 Qxc2 28.Rec1 Qf2 29.Rc7 Bxf3
30.gxf3 Rac8 31.Rxc8 Rxc8 32.Rg1 Kh8 33.exf6 g6 34.Qg4 Rc2 35.Rg2 Qxg2+ 36.Qxg2 Rxg2
37.Kxg2 Kg8 38.Kf2 Kf7 39.Ke3 Kxf6 40.Ke4 a5 41.a4 h6 42.h4 h5 43.Kd4 Kf5
44.Ke3 e5 45.fxe5 Kxe5 46.f4+ Kf5 47.Kf3 Kf6 48.Ke3 Ke7  1/2-1/2

[Event "7th Malaysia Open"]
[Site "Kuala Lumpur MAS"]
[Date "2010.09.04"]
[Round "6"]
[White "Fong Mi Yen"]
[Black "Nur,N"]
[Result "1-0"]
[WhiteElo "1905"]
[BlackElo "1829"]

1.e4 c5 2.Nf3 e6 3.d4 cxd4 4.Nxd4 a6 5.Nc3 Qc7 6.Bd3 b5 7.O-O Bb7 8.a3 Nf6
9.Bg5 Be7 10.Kh1 d6 11.f4 h6 12.Bxf6 Bxf6 13.Bxb5+ Ke7 14.Ba4 Qc4 15.Nde2 Rd8
16.Bb3 Qc8 17.f5 Nd7 18.fxe6 fxe6 19.Nf4 Nc5 20.Ng6+ Kd7 21.e5 Qc6 22.Rf2 Be7
23.exd6 Qxd6 24.Rd2  1-0

[Event "FSIMA September"]
[Site "Budapest HUN"]
[Date "2010.09.05"]
[Round "2"]
[White "Szalanczy,E"]
[Black "Szieberth,A"]
[Result "1-0"]
[WhiteElo "2248"]
[BlackElo "2320"]

1.e4 c5 2.Nf3 e6 3.d4 cxd4 4.Nxd4 a6 5.Nc3 b5 6.Bd3 Bb7 7.Qe2 Bc5 8.Nb3 Be7
9.Bd2 d6 10.a4 b4 11.Nd1 a5 12.c3 bxc3 13.Nxc3 Nf6 14.Nd4 O-O 15.O-O Nbd7
16.Rfd1 Ne5 17.Bb1 Ng6 18.Be3 Qb8 19.f4 Re8 20.Ndb5 Bc6 21.g3 h5 22.h3 h4
23.g4 Qb7 24.Nxd6 Bxd6 25.Rxd6 Rad8 26.e5 Rxd6 27.exd6 Qb4 28.Bxg6 fxg6 29.Rd1 Nd5
30.Bd4 Qxd6 31.Qe5 Qf8 32.Rf1 Qf7 33.Ne4 Rd8 34.Ng5 Qf6 35.Qe4 Qe7 36.b3 Nf6
37.Qxc6 Rxd4 38.Qa8+ Rd8 39.Qxa5 Qd6 40.Qe1 Qb6+ 41.Kg2 Rd6 42.Rf3 Qc6 43.Qc3 Qd7
44.Rf2 Rd3 45.Qc4 Nd5 46.Kh2 Rc3 47.Qe4 Rxb3 48.Qxg6 Nf6 49.Qc2 Qb7 50.Rd2 Kf8
51.a5 Rb1 52.Rg2 Re1 53.Qc5+ Ke8 54.Qb6 Qc8 55.Qb5+ Nd7 56.Qb2 Qc7 57.Qd2 Nc5
58.Qxe1 Qxf4+ 59.Kg1 Qxg5 60.a6 Qe7  1-0

[Event "7th Malaysia Open"]
[Site "Kuala Lumpur MAS"]
[Date "2010.09.05"]
[Round "7"]
[White "Goh Weiming"]
[Black "Sean,W"]
[Result "0-1"]
[WhiteElo "2428"]
[BlackElo "1789"]

1.e4 c5 2.Nf3 e6 3.d4 cxd4 4.Nxd4 a6 5.Nc3 Qc7 6.Bd3 Nf6 7.O-O Be7 8.a4 b6
9.Qe2 d6 10.f4 Bb7 11.Bd2 Nfd7 12.Rae1 Nc5 13.Bc4 Nc6 14.Nf3 O-O 15.f5 Bf6
16.Ng5 Nd4 17.Qg4 Nd7 18.Ba2 exf5 19.exf5 Nxc2 20.Nce4 Nxe1 21.Rxe1 d5 22.Qh4 h6
23.Nxf6+ Nxf6 24.Nf3 Rae8 25.Rc1 Qe7 26.Qd4 Ne4 27.Bb4 Rc8 28.Re1 Qf6 29.Bxf8 Qxd4+
30.Nxd4 Kxf8 31.Kf1 Ke7 32.Ke2 Kf6 33.Ke3 Nc5 34.Rd1 Nxa4 35.Rd2 Rc1 36.Ne2 Rc8
37.Nd4 Re8+ 38.Kf3 Re4 39.Bb1 Re1 40.Ba2 Nc5 41.Rc2 Rd1 42.b4 Nd7 43.Rc7 Ne5+
44.Ke3 Rd3+ 45.Ke2 Rxd4 46.Rxb7 Rxb4 47.Bxd5 Kxf5  0-1

[Event "7th LGA Premium Cup"]
[Site "Nuremberg GER"]
[Date "2010.09.05"]
[Round "7"]
[White "Milov,L"]
[Black "Ginsburg,G"]
[Result "1/2-1/2"]
[WhiteElo "2561"]
[BlackElo "2526"]

1.e4 c5 2.Nf3 e6 3.Nc3 a6 4.d4 cxd4 5.Nxd4 Qc7 6.a3 d6 7.Be3 Nd7 8.Qd2 Ngf6
9.f3 Be7 10.g4 Ne5 11.O-O-O Nc4 12.Bxc4 Qxc4 13.g5 Nd7 14.h4 b5 15.h5 Bb7
16.g6 hxg6 17.hxg6 Rxh1 18.gxf7+ Kxf7 19.Rxh1 Rc8 20.Qh2 Nf8 21.Rg1 Bf6 22.Rd1 b4
23.axb4 Qxb4 24.Nde2 Rd8 25.Bd4 e5 26.Be3 Rb8 27.b3  1/2-1/2

[Event "TCh-ROU Superliga"]
[Site "Baile Herculane ROU"]
[Date "2010.09.06"]
[Round "3"]
[White "Parligras,M"]
[Black "Balla,Ta"]
[Result "1/2-1/2"]
[WhiteElo "2601"]
[BlackElo "2375"]

1.e4 c5 2.Nf3 e6 3.d4 cxd4 4.Nxd4 a6 5.Nc3 Qc7 6.Bd3 Nc6 7.Nxc6 dxc6 8.O-O e5
9.f4 Bc5+ 10.Kh1 Nf6 11.a4 Ng4 12.Qf3 Qe7 13.Qg3 exf4 14.Bxf4 g5 15.Bb8 O-O
16.e5 Rxb8 17.Ne4 Kh8 18.Rae1 Bd4 19.Nf6 Bxe5 20.Nxg4 Bxg3 21.Rxe7 Bd6 22.Re4 f5
23.Rd4 Be7 24.Re1 Bc5 25.Rc4 Ba7 26.Ne5 Be6 27.Ng6+ hxg6 28.Rxe6 Rbe8 29.Rxe8 Rxe8
30.g4 Re5 31.Kg2 Kg7 32.b4 Be3 33.Be2 Rd5 34.Kf3 Bd2 35.b5 axb5 36.axb5 Rxb5
37.Rd4 Rd5 38.Rxd5 cxd5 39.Bb5 Kf6 40.Be8 d4 41.Ke2 Bf4  1/2-1/2

[Event "TCh-CRO Gp1B"]
[Site "Sibenik CRO"]
[Date "2010.09.06"]
[Round "3"]
[White "Mrdja,M"]
[Black "Dimitrijevic,Da"]
[Result "1-0"]
[WhiteElo "2393"]
[BlackElo "2262"]

1.e4 c5 2.Nf3 e6 3.Nc3 a6 4.d4 cxd4 5.Nxd4 Qc7 6.g3 Nf6 7.Bg2 Bb4 8.Ne2 d6
9.O-O O-O 10.h3 Nbd7 11.a3 Bc5 12.Nf4 Ne5 13.g4 b5 14.g5 Nfd7 15.Kh1 Bb7
16.Nd3 Ba7 17.f4 Nxd3 18.cxd3 e5 19.Bd2 exf4 20.Bxf4 Ne5 21.Qd2 Rac8 22.Rac1 Qe7
23.Rce1 Rfe8 24.Kh2 Qe6 25.Nd5 Qg6 26.Ne3 d5 27.Nxd5 Bxd5 28.exd5 Nxd3 29.Rxe8+ Rxe8
30.Bg3 Bb8 31.Rf3 Bxg3+ 32.Rxg3 Ne5 33.Qb4 Nc4 34.b3 Nd6 35.Qf4 Rf8 36.Rc3 Rc8
37.Rc6 Rd8 38.Rxa6 h6 39.gxh6 gxh6 40.Qh4 Qg5 41.Qg3 Kf8 42.a4 bxa4 43.bxa4 Ke7
44.Ra7+ Kf6 45.a5 Qxg3+ 46.Kxg3 Rg8+ 47.Kh2 Rb8 48.Rd7 Ke5 49.Re7+ Kd4 50.Re2 Ra8
51.Ra2 h5 52.Kg3 Ne4+ 53.Kf4  1-0

[Event "7th Malaysia Open"]
[Site "Kuala Lumpur MAS"]
[Date "2010.09.07"]
[Round "9"]
[White "Satyapragyan,S"]
[Black "Wen Yang"]
[Result "1/2-1/2"]
[WhiteElo "2451"]
[BlackElo "2520"]

1.e4 c5 2.Nf3 e6 3.d4 cxd4 4.Nxd4 a6 5.Nc3 Qc7 6.Bd3 Nc6 7.Nxc6 dxc6 8.O-O e5
9.f4 Nf6 10.Kh1 Bd6 11.f5 Bc5 12.Bg5 b5 13.a4 Bb7 14.Qe2 h6 15.Bh4 Be7 16.Nd1 Nd7
17.Bxe7 Kxe7 18.Ne3 Nf6 19.Ng4 Rhd8 20.Nxf6 gxf6 21.Qe3 Rd4 22.c3 Rd7 23.Be2 Rad8
24.Qxh6 Rd2 25.Bh5 Qd7 26.Bxf7 Kxf7 27.Rad1  1/2-1/2

[Event "6th ch-EU"]
[Site "Arvier ITA"]
[Date "2010.09.08"]
[Round "5"]
[White "Yeuillaz,C"]
[Black "Valenti,G"]
[Result "1-0"]
[WhiteElo "2227"]
[BlackElo "2162"]

1.e4 c5 2.Nf3 e6 3.d4 cxd4 4.Nxd4 a6 5.Nc3 Qc7 6.a3 Nf6 7.g3 Be7 8.Bg2 d6
9.O-O Bd7 10.Qe2 Nc6 11.Be3 Ne5 12.Rfd1 O-O 13.Kh1 Rac8 14.f4 Nc4 15.Bc1 b5
16.Rd3 Rfd8 17.b3 Nb6 18.g4 Be8 19.g5 Nfd7 20.Bb2 g6 21.Rh3 e5 22.Nf5 gxf5
23.Qh5 Nf8 24.exf5 Bc6 25.Rg1  1-0

[Event "6th ch-EU"]
[Site "Arvier ITA"]
[Date "2010.09.08"]
[Round "5"]
[White "Calzetta Ruiz,M"]
[Black "Jaracz,P"]
[Result "0-1"]
[WhiteElo "2280"]
[BlackElo "2543"]

1.e4 c5 2.Nf3 e6 3.d4 cxd4 4.Nxd4 a6 5.Nc3 d6 6.Be3 b5 7.Bd3 Bb7 8.a3 Nf6
9.O-O Nbd7 10.f4 g6 11.Qf3 Bg7 12.Rae1 O-O 13.Qh3 e5 14.fxe5 dxe5 15.Nf3 Nh5
16.Rd1 Bc6 17.Kh1 Qc7 18.Nd5 Bxd5 19.exd5 Rad8 20.d6 Qc6 21.Ng5 Ndf6 22.c4 Rxd6
23.cxb5 axb5 24.Rc1 Qd5 25.Be2 Nf4 26.Bxf4 exf4 27.Rcd1 Qe5 28.Rxd6 Qxd6
29.Qb3 h6 30.Nh3 g5 31.Qxb5 Rb8 32.Qf5 Rxb2 33.Qc8+ Bf8 34.Bc4 Kg7 35.Nf2 Rc2
36.h4 Qc5 37.Qxc5 Bxc5 38.hxg5 hxg5  0-1

[Event "FSGM September"]
[Site "Budapest HUN"]
[Date "2010.09.08"]
[Round "5"]
[White "Poetsch,H"]
[Black "Bui Vinh"]
[Result "1-0"]
[WhiteElo "2395"]
[BlackElo "2449"]

1.e4 c5 2.Nf3 e6 3.Nc3 a6 4.d4 cxd4 5.Nxd4 Ne7 6.Be3 Nbc6 7.Nb3 Ng6 8.f4 d6
9.a4 b6 10.g3 Rb8 11.h4 Be7 12.Bc4 Qc7 13.Qe2 Nb4 14.O-O-O Bb7 15.Nd4 Rc8
16.Bxe6 fxe6 17.Nxe6 Qd7 18.Nxg7+ Kf7 19.Bd4 Nc6 20.Nf5 Nxd4 21.Rxd4 Rc5
22.Rhd1 d5 23.h5 Nf8 24.Qg4 Ke8 25.Qg7 Rxc3 26.Qxh8 Rc7 27.Nxe7 Qxe7 28.exd5 Qg7
29.Re1+ Kd8 30.Qxg7 Rxg7 31.Rd3 Nd7 32.d6 Bc6 33.Rde3 Nf6 34.h6 Rg6 35.Re7 Rxh6
36.Rg7 Bxa4 37.b3 Bc6 38.Ree7 Rh1+ 39.Kb2 h5 40.Rgf7 Nd7 41.Rh7 Kc8 42.f5 Rf1
43.Rxh5 b5 44.g4 Rf4 45.Rh8+ Kb7 46.g5 Kb6 47.f6  1-0

[Event "TCh-ROU Superliga"]
[Site "Baile Herculane ROU"]
[Date "2010.09.09"]
[Round "6"]
[White "Domanyek,E"]
[Black "Ungureanu,V"]
[Result "1-0"]
[WhiteElo "2204"]
[BlackElo "2370"]

1.e4 c5 2.Nf3 e6 3.d4 cxd4 4.Nxd4 a6 5.Nc3 Qc7 6.Be2 Nf6 7.O-O Nc6 8.Be3 b5
9.Kh1 Bb7 10.a3 Na5 11.Qd3 Be7 12.f4 d6 13.Bf3 O-O 14.Rae1 Rac8 15.Bc1 Rfd8
16.g4 Nc6 17.g5 Nxd4 18.Qxd4 Nd7 19.Qf2 Bf8 20.Bg2 Nb6 21.Qh4 Be7 22.Re3 Nd7
23.Rh3 Nf8 24.Qf2 d5 25.f5 Bc5 26.Qh4 exf5 27.exf5 Qe5 28.g6 f6 29.gxh7+ Kh8
30.Qg4 Nd7 31.Bf4 Qd4 32.Rg3 Bf8 33.Qg6 Qc4 34.Bh6  1-0